[Event "13th Poti Nana Aleksandria Cup"]
[Site "Poti"]
[Date "2018.07.17"]
[Round "6"]
[White "Matsenko, Sergei"]
[Black "Nigmatov, Ortik"]
[Result "1-0"]
[WhiteElo "2539"]
[BlackElo "2461"]
[Annotator "TA"]
[PlyCount "67"]
[EventDate "2018.07.13"]
[EventType "swiss"]
[EventCountry "GEO"]
[SourceTitle "playchess.com"]
[Source "ChessBase"]
[SourceQuality "1"]

{[%evp 14,67,67,63,61,63,80,49,54,61,49,27,46,49,44,37,37,31,64,59,83,80,118,89,95,85,93,91,99,103,106,84,96,73,136,90,160,41,54,39,117,109,122,97,97,108,137,133,277,277,298,278,337,334,552,570]} 1. d4 Nf6 2. c4 b6 3. Nc3 Bb7 4. Nf3 g6 5. Qc2 Bg7 6. e4 d6 7. Be2 O-O 8. O-O {LiveBook: 14 Partien} Nc6 {E91: Königsindisch (Klassisches System)} (8... Nbd7 9. Rd1 c5 10. d5 Ne8 11. Bg5 Ne5 12. Nxe5 dxe5 13. a3 Nd6 14. b4 Rc8 15. Nb5 Nxb5 16. cxb5 {½-½ (41) Baryshpolets,A (2597)-Ipatov,A (2665) New York 2018}) 9. Rd1 Nd7 10. Bg5 $146 ({Vorgänger:} 10. Be3 Re8 11. a3 e6 12. Rac1 Ne7 13. h3 e5 14. d5 h6 15. b4 a5 16. c5 axb4 17. axb4 bxc5 18. bxc5 Nxc5 19. Bxc5 dxc5 {1-0 (36) Schmidt,H (2219)-Lucas,K (1787) ICCF email 2010}) 10... h6 {Weiß steht etwas besser.} 11. Be3 e5 12. dxe5 Ndxe5 13. Nxe5 Nxe5 14. Nd5 Kh7 15. Rd2 a5 16. Rad1 Bc8 17. Bd4 g5 18. b3 f5 19. Bxe5 Bxe5 20. exf5 Bxf5 21. Bd3 Bxd3 22. Qxd3+ Kg7 23. g3 {Droht stark f4!} Qd7 (23... c6 $142) 24. Rf1 g4 ({Günstiger ist} 24... Rf7) 25. f4 (25. h3 $16) 25... gxf3 $1 $14 26. Rdf2 $36 {[%mdl 2048] Schwarz steht unter Druck.} Rf7 ({Besser ist} 26... Qg4 $14) 27. Rxf3 $16 Raf8 28. Kg2 Rxf3 29. Rxf3 Rxf3 30. Qxf3 Kg8 {[#]} (30... a4 $16 {ist wohl besser.} 31. bxa4 Bb2) 31. Qf6 $1 $18 {[%mdl 512]} Qe8 (31... Bxf6 32. Nxf6+) 32. Qxh6 c6 33. Qg5+ ({Schwächer ist} 33. Nxb6 Bg7 $11) 33... Kh7 $2 (33... Kh8 {war angesagt.} 34. Ne7 Kh7) 34. Qe7+ {Precision: Weiß = 51%, Schwarz = 14%.} 1-0

[Event "13th Poti Nana Aleksandria Cup"]
[Site "Poti"]
[Date "2018.07.17"]
[Round "6"]
[White "Mosadeghpour, Masoud"]
[Black "Arabidze, Meri"]
[Result "1-0"]
[WhiteElo "2531"]
[BlackElo "2397"]
[Annotator "TA"]
[PlyCount "81"]
[EventDate "2018.07.13"]
[EventType "swiss"]
[EventCountry "GEO"]
[SourceTitle "playchess.com"]
[Source "ChessBase"]
[SourceQuality "1"]

{[%evp 15,81,-7,-6,0,16,14,8,9,18,3,10,-28,-26,-31,-27,-30,-27,-27,-31,-27,-19,-25,-3,-4,-12,-24,12,8,6,8,2,0,0,0,42,47,39,32,88,60,89,45,128,67,94,71,140,73,125,116,347,345,729,698,1205,980,1106,1106,5497,5485,1504,1102,1138,810,803,798,29982,1044]} 1. e4 c6 2. d4 d5 3. e5 Bf5 4. Be3 e6 5. Nd2 Nd7 6. Ngf3 {B12: Caro-Kann: Advance Variation} Ne7 7. Be2 Bg6 8. Nb3 Nf5 {LiveBook: 5 Games} 9. Bd2 a6 10. O-O c5 11. dxc5 (11. c3 Rc8 {½-½ (24) Sethuraman,S (2657)-Petrosyan,M (2551) Yerevan 2018}) 11... Nxc5 12. Ba5 $146 ({Predecessor:} 12. Nxc5 Bxc5 13. Bd3 O-O 14. Qe2 Qc7 15. c3 Rfd8 16. Rad1 Rd7 17. h3 Ng3 18. Qe1 Bxd3 {0-1 (18) Buksa,N (2264)-Gaponenko,I (2411) Rivne 2016}) 12... b6 13. Nxc5 (13. Be1 {with more complications.} Na4 14. Rb1 Qc7 15. Bd3 Bc5 16. Qe2) 13... Bxc5 14. Be1 Bh5 15. c3 {And now g4! would win.} O-O 16. Nd2 Bxe2 17. Qxe2 b5 18. Kh1 Qc7 19. g4 Ne7 20. f4 Rae8 21. Nf3 Nc6 22. Bh4 Qb7 23. Rac1 Bb6 24. Qd3 f6 25. exf6 gxf6 26. Rce1 Bc7 (26... d4 $14) 27. Bg3 (27. Qd2 {looks sharper.} d4 28. Qg2 dxc3 29. Nd4 Nd8 30. Qxb7 Nxb7 31. Nxe6 Rf7 32. bxc3 Ba5 33. Rf3) 27... Kh8 28. Re2 Qb8 {[#]} (28... d4 $14) 29. Qd2 (29. g5 $1 $16) 29... Qc8 30. Rfe1 Na5 ({Black should try} 30... e5) 31. b3 (31. Qd3 $142) 31... Nb7 ({Black should play} 31... Nc6) 32. Qd4 Bd6 $2 {[#]} (32... Nd6 $16 {might work better.}) 33. Bh4 $1 $18 e5 $2 (33... Qc5 34. Bxf6+ Kg8) 34. fxe5 Bc5 35. Qxd5 fxe5 36. Rxe5 Rxe5 37. Qxe5+ Kg8 38. Qd5+ Kg7 39. Ng5 {White wants to mate with Qe4.} Nd8 40. Qe4 Rh8 41. Bg3 {Precision: White = 54%, Black = 28%.} (41. Qe5+ $142 Kg8 42. Ne4 Ne6 43. Nf6+ Kf7 44. Rf1 Re8 45. Qh5+ Ke7 46. Nxe8+ Kd7 47. Qf7+ Kc6 48. Rf6) 1-0

[Event "13th Poti Nana Aleksandria Cup"]
[Site "Poti"]
[Date "2018.07.17"]
[Round "6"]
[White "Harutyunian, Tigran K"]
[Black "Paichadze, Luka"]
[Result "1/2-1/2"]
[WhiteElo "2500"]
[BlackElo "2564"]
[Annotator "TA"]
[PlyCount "281"]
[EventDate "2018.07.13"]
[EventType "swiss"]
[EventCountry "GEO"]
[SourceTitle "playchess.com"]
[Source "ChessBase"]
[SourceQuality "1"]

{[%evp 22,280,31,34,46,35,58,66,57,38,66,56,77,70,56,25,50,49,106,104,107,85,88,84,122,110,131,141,133,126,133,79,81,79,79,75,79,87,87,58,70,22,118,122,127,127,295,296,291,290,283,277,289,288,259,280,268,259,353,231,353,350,338,345,345,339,338,338,331,330,330,323,316,268,305,247,306,294,267,211,210,210,210,210,203,0,338,302,325,325,318,316,212,207,352,324,402,408,376,399,399,395,554,486,1032,1031,1000,889,882,821,787,312,441,305,305,295,258,0,0,0,156,0,612,612,584,587,556,510,491,478,470,0,488,0,450,446,425,382,361,250,254,241,379,456,1060,951,843,844,2020,1479,1842,677,1773,1106,1418,939,1426,1008,1766,1658,1439,1345,1085,0,680,661,685,673,676,662,1483,519,455,0,456,393,637,637,594,582,477,392,1023,1333,1308,1114,648,727,560,542,1327,1791,1401,1221,801,293,293,293,293,463,294,287,281,285,293,285,286,285,291,280,1447,1396,1136,536,1140,1210,5069,1127,1117,1090,1124,1110,1064,1046,1014,375,269,0,0,0,0,0,0,0,0,0,8,4,23,7,135,135,0,0,0,0,0,0,0,0,0,0,0,0,0,0,0,0,0,0,0]} 1. d4 Nf6 2. Nf3 e6 3. c4 Bb4+ 4. Bd2 Qe7 5. g3 Nc6 6. Nc3 Bxc3 7. Bxc3 Ne4 8. Qc2 Nxc3 9. Qxc3 O-O 10. Bg2 d6 11. d5 {E11: Bogo-Indian} Nd8 12. O-O {LiveBook: 19 Games} c5 $146 ({Predecessor:} 12... e5 13. e4 c5 14. Ne1 Bd7 15. a4 a5 16. f4 f6 17. Nd3 Nf7 18. b3 b6 19. Rae1 g5 20. Kh1 Kh8 21. Re2 gxf4 22. gxf4 Rg8 23. Qe1 exf4 24. Nxf4 Ne5 25. Qh4 Bg4 {½-½ (25) Jobava,B (2614)-Aronian,L (2675) Mallorca 2004}) 13. dxc6 {White is slightly better.} bxc6 14. Rfd1 Rb8 15. Nd4 c5 16. Nb5 d5 17. e3 $36 {[%mdl 2048] White fights for an advantage.} Bb7 18. cxd5 Bxd5 19. e4 Rxb5 (19... Bc6 $14 20. Nd6 Nb7) 20. exd5 $16 exd5 21. Bxd5 Ne6 22. Re1 Rd8 23. Re5 h6 24. Bxe6 fxe6 25. Rae1 Qf6 26. b3 (26. Rxc5 $6 Qxc3 27. Rxc3 Rxb2 $11) (26. Qc2 $142) 26... Rd5 27. f4 Rb6 28. Qc4 Rxe5 29. Rxe5 {[%mdl 4096] Endgame KQR-KQR} Rd6 30. a4 g5 31. Rxc5 {Hoping for Rc8+.} Rd1+ (31... Qa1+ $1 $11 32. Kg2 Qd1 33. fxg5 Rd2+ 34. Kh3 Qh5+ 35. Qh4 Rxh2+ 36. Kxh2 Qe2+ 37. Kg1 (37. Kh3 Qf1+ 38. Kg4 Qd1+ 39. Kf4 Qd4+ 40. Kf3 Qd3+ 41. Kg2 Qe2+ 42. Kg1 Qe1+ 43. Kh2 Qe2+ 44. Kh3 Qf1+ 45. Kh2 Qf2+ 46. Kh3 Qf1+ $11) 37... Qe1+ 38. Kg2 Qe2+ 39. Kg1 (39. Kh3 Qf1+ 40. Kg4 Qd1+ 41. Kf4 Qd4+ 42. Kf3 Qd3+ 43. Kg2 Qe2+ 44. Kh1 Qf1+ 45. Kh2 Qf2+ 46. Kh3 Qf1+ 47. Kg4 Qd1+ 48. Kf4 Qd4+ 49. Kf3 Qd3+ 50. Kg4 Qd1+ $11) 39... Qe1+ 40. Kh2 (40. Kg2 Qe2+ 41. Kh3 Qf1+ 42. Kg4 Qd1+ 43. Kh3 Qf1+ 44. Kh2 Qf2+ 45. Kh3 Qf1+ $11) 40... Qe2+ 41. Kh1 (41. Kh3 Qf1+ 42. Kh2 Qe2+ $11) 41... Qe1+ 42. Kg2 Qe2+ 43. Kh1 (43. Kh3 Qf1+ 44. Kg4 Qd1+ 45. Kh3 Qf1+ 46. Kh2 Qf2+ 47. Kh3 Qf1+ $11) 43... Qf1+ 44. Kh2 Qe2+) 32. Kg2 gxf4 33. Rc8+ Rd8 $2 (33... Kg7 $16 34. Qc7+ (34. gxf4 $2 Qg6+ 35. Kf3 Qh5+ 36. Ke4 Qf5+ 37. Ke3 Qh3+ 38. Ke2 Qf1+ 39. Ke3 Re1+ 40. Kd2 Qf2+ 41. Kd3 Qe3+ 42. Kc2 Rc1+ 43. Kb2 Qd2+ 44. Qc2 Rxc2+ $19) (34. Qxf4 Qxf4 35. gxf4 Kg6 $16) 34... Qf7) 34. Rxd8+ $18 ({Weaker is} 34. gxf4 Rxc8 35. Qxc8+ Kf7 $16) 34... Qxd8 35. Qxe6+ {KQ-KQ} Kg7 36. Qg4+ ({Much less strong is} 36. gxf4 $6 Qd3 $18) 36... Kh7 37. Qxf4 Qd5+ 38. Qf3 $1 {[%cal Rf3d5]} Qd2+ 39. Kh3 a5 40. Qf7+ Kh8 41. Qf4 Qd7+ 42. Kh4 Qe6 43. Kh5 Kh7 {( -> ...Qh3+)} 44. Qc7+ Kh8 45. Qc3+ ({Not} 45. Qxa5 Qh3+ 46. Kg6 Qe6+ 47. Kh5 Qh3+ 48. Kg6 Qe6+ 49. Kh5 $11) 45... Kh7 {[%cal Re6h3]} 46. Qd3+ Kg7 {[%cal Re6h3]} 47. Kh4 Qf6+ 48. Kh3 Qe6+ 49. Kg2 Qc6+ 50. Qf3 Qc2+ 51. Kh3 Qd2 52. Qf5 Kh8 53. Qf4 (53. Qf6+ $142 Kh7 54. Qf7+ Kh8 55. Qf4 Qd7+ 56. Kh4) 53... Qd7+ 54. g4 Qg7 55. Qe3 Qf6 56. Kg3 Qd6+ 57. Qf4 Qb6 (57... Qd3+ $142 58. Kh4 Kg7 59. Qc7+ Kf8 60. Qxa5 Qxb3 61. Qc5+ Kg7) 58. Kh4 Kg7 59. Qe5+ Kg6 60. Qf5+ Kg7 61. Kh5 Qd6 (61... Qxb3 $142 62. Qg6+ Kf8 63. Qxh6+ Ke8 64. Qc6+ Ke7) 62. h3 Qc6 (62... Qa6 $142 63. Qd7+ Kg8) 63. Qe5+ Kf7 64. Qf4+ Kg7 65. Qd4+ Kh7 66. Qe5 $2 (66. Qa7+ Kh8 67. Qxa5) 66... Qg6+ 67. Kh4 Qb6 68. Qe4+ Kg7 {intending ...Qf2+.} 69. Kh5 Qc5+ 70. Qf5 Qc6 $1 71. Qe5+ $2 (71. Kh4 $16) 71... Kf7 72. Qxa5 Qg6+ 73. Kh4 Qf6+ 74. Kg3 Qd6+ 75. Kg2 Qc6+ 76. Kg3 Qd6+ 77. Kg2 Qc6+ 78. Kf2 Qc2+ 79. Ke1 {Black must now prevent Qf5+.} Qxb3 80. Qf5+ Kg7 81. Qe5+ Kf7 (81... Kh7 $142 82. a5 Kg8) 82. a5 Qa2 (82... Qb7 $142 83. Qf4+ Ke7 84. Qe3+ Kf7) 83. Qf4+ Kg7 84. Qc7+ Kf6 85. Qd6+ Kg7 86. Qd7+ (86. a6 $142 Qb1+ 87. Kd2 Qb2+ 88. Kd3 Qb5+ 89. Kd4 Qb2+ 90. Kc4 Qc2+ 91. Kb5) 86... Kf6 87. Qd2 Qa1+ 88. Kf2 Kg7 89. Qd7+ Kf6 90. Qc6+ Kg5 91. Qd5+ Kf6 92. Qd2 Kg7 93. Kg2 Qa4 94. Qc3+ Kf7 95. Kg3 Qa2 96. Kh4 (96. Qd3 $142 Qa1 97. a6) 96... Qd5 97. Kg3 $2 (97. Qc7+ $18 Kg8 98. Qb8+ Kg7 99. Qa7+ Kg8 100. Qb6 Qg5+ 101. Kg3) 97... Qd6+ $2 {[%mdl 8192]} (97... Qa2 $1 $11 98. Qf3+ Ke7 99. Qb7+ Kd8 100. Qb6+ Kc8) 98. Kg2 Kg6 $2 (98... Qe6 99. Qc7+ Ke8 100. Qb8+ Kf7 101. Qb7+ Kg8 102. Qa8+ Kf7 103. Qa7+ Kf8) 99. Qc2+ Kg7 100. Qb2+ Kg8 101. Qb3+ Kh8 $2 (101... Kf8 102. Qb6 Qd5+ 103. Kf2 Qd2+ 104. Kg3 Ke7) 102. Qb6 Qd2+ 103. Kg3 Qe1+ 104. Kf4 Qf1+ 105. Ke5 Qe2+ 106. Kf6 Qf3+ 107. Kg6 Qe4+ 108. Kxh6 $2 (108. Kf7 Qh7+ 109. Ke8 Qg8+ 110. Kd7 Qh7+ 111. Kc8 Qc2+ 112. Qc7) 108... Qe6+ 109. Kh5 Qe5+ 110. g5 Qe2+ 111. Kh4 Qe1+ 112. Kg4 $1 Qe4+ {[#]} 113. Kg3 $1 Qe5+ 114. Kf3 {White threatens Qf6+ and mate.} Qf5+ 115. Ke2 Qc2+ $2 (115... Qxg5 116. a6 Qg2+ 117. Kd1 Qd5+ 118. Kc1 Qh1+ 119. Kb2 Qg2+ 120. Ka3 Qf3+ 121. Kb4 Qf4+ 122. Kb5 Qe5+ 123. Kc6 Qe8+ 124. Kb7 Qe4+ 125. Kb8 Qe8+ 126. Kb7 Qf7+ 127. Kb8 Qe8+ 128. Ka7 Qd7+ 129. Kb8 Qe8+) 116. Ke3 Qc1+ 117. Ke4 Qh1+ 118. Ke5 Qh2+ 119. Kd5 Qg2+ 120. Kd6 Qg3+ 121. Ke7 Qe5+ 122. Kd7 Qd5+ 123. Qd6 $2 (123. Kc8 Qf5+ 124. Kb7 Qf7+ 125. Qc7 Qd5+ 126. Kb8 Qb5+ 127. Qb6 Qxg5 128. a6 Qg8+ 129. Kb7 Qf7+ 130. Qc7) 123... Qxa5 {[#]} 124. Qf6+ $2 (124. h4 $1 $18 {Ke6 is the strong threat.} Kg8 125. Qg6+ Kh8 126. Qe8+ Kh7 127. Qe7+ Kg6 128. Qd6+ Kg7 129. Ke8) 124... Kh7 $11 125. Qf7+ Kh8 126. Qf4 {Threatens to win with Qf8+.} Qd5+ 127. Ke7 Qc5+ 128. Kf6 Qc6+ 129. Kf5 Qd7+ 130. Kg6 {[%cal Rf4f8]} Qh7+ 131. Kf6 Qg7+ 132. Ke6 {The position is equal.} (132. Kf5 $5 {[%cal Rf4e5]} Qf7+ 133. Kg4 Qe6+ 134. Qf5 Qc4+ 135. Kg3 $18) 132... Qg8+ 133. Ke5 {Intending Qf6+ and mate.} Qe8+ 134. Kd5 {Qe5+ would kill now.} Qd7+ 135. Ke4 {White wants to mate with Qf8+.} Qxh3 136. Ke5 Qc3+ 137. Kf5 Qd3+ 138. Kf6 Qd8+ 139. Kg6 {Threatening mate with Qe5+.} Qg8+ 140. Kh5 {aiming for Qe5+.} Qf7+ 141. Qxf7 $2 {[%mdl 8192] Precision: White = 61%, Black = 54%.} (141. Kg4) 1/2-1/2

[Event "13th Poti Nana Aleksandria Cup"]
[Site "Poti"]
[Date "2018.07.17"]
[Round "6"]
[White "Benidze, Davit"]
[Black "Pantsulaia, Levan"]
[Result "1/2-1/2"]
[WhiteElo "2487"]
[BlackElo "2575"]
[Annotator "TA"]
[PlyCount "30"]
[EventDate "2018.07.13"]
[EventType "swiss"]
[EventCountry "GEO"]
[SourceTitle "playchess.com"]
[Source "ChessBase"]
[SourceQuality "1"]

{[%evp 13,15,20,24,1]} 1. e4 e5 2. Nf3 Nc6 3. Bc4 Bc5 4. O-O d6 5. h3 Nf6 6. d3 Be6 7. Bxe6 fxe6 8. Be3 {C50: Hungarian Defence and Giuoco Pianissimo} (8. c3 O-O 9. b4 Bb6 10. Nbd2 Nh5 11. Nc4 Qf6 12. a4 d5 13. Nxb6 axb6 14. b5 dxe4 15. Ng5 Qg6 16. bxc6 exd3 17. cxb7 Rad8 18. Nxe6 Qxe6 19. Qxh5 d2 20. Ba3 Rf5 21. Qe2 Qd5 22. Rad1 {1-0 (22) Lanc,A (2399)-Pacher,M (2399) Slovakia 2010}) {Predecessor:} 8... Bb6 $146 9. Nbd2 O-O 10. Bxb6 axb6 11. a3 Qe8 12. Nh2 Nh5 13. g3 Qg6 14. Qg4 Qh6 15. Ndf3 Rf6 {0-1 (23) Rocha,V (1812)-Mona,K (2101) Cairo 2010} 1/2-1/2

[Event "13th Poti Nana Aleksandria Cup"]
[Site "Poti"]
[Date "2018.07.17"]
[Round "6"]
[White "Tutisani, Noe"]
[Black "Ghvamberia, Nika"]
[Result "1-0"]
[WhiteElo "2469"]
[BlackElo "2236"]
[Annotator "TA"]
[PlyCount "61"]
[EventDate "2018.07.13"]
[EventType "swiss"]
[EventCountry "GEO"]
[SourceTitle "playchess.com"]
[Source "ChessBase"]
[SourceQuality "1"]

{[%evp 17,61,60,62,27,27,14,30,15,33,0,27,0,11,-6,16,5,347,332,410,411,423,413,423,416,461,456,460,448,439,363,480,224,429,415,507,503,552,560,631,631,759,696,1177,1177,1617,1503]} 1. e4 c5 2. Nc3 e6 3. Nf3 a6 4. d4 cxd4 5. Nxd4 b5 6. Bd3 Qb6 7. Nb3 Qc7 8. O-O Nf6 9. f4 b4 {LiveBook: 24 Games. B43: Sicilian: Kan Variation: 5 Nc3} 10. e5 (10. Ne2 Bb7 11. e5 Nd5 12. Ng3 Be7 13. Kh1 f5 14. exf6 Nxf6 15. Be3 O-O 16. Nh5 Nc6 17. Nxf6+ Rxf6 {½-½ (59) Mihok,O (2498)-Romanov,E (2641) Zalakaros 2016}) 10... bxc3 11. exf6 gxf6 {The position is equal.} 12. bxc3 Bb7 13. Be3 h5 $146 ({Predecessor:} 13... a5 14. a4 Qxc3 15. Bd4 Qc6 16. Rf2 Rg8 17. Qd2 {0-1 (81) Citra,D (2128)-Javakhishvili,L (2478) Tromsoe 2014}) 14. Be2 h4 15. Bf3 Rg8 16. Rb1 $36 {[%mdl 2048] White has good play.} d5 $2 {[%mdl 8192] [#]} (16... f5 $11) 17. c4 $1 $18 {[%mdl 512]} Qxc4 18. Na5 Qc3 19. Qe1 Qxe1 20. Rfxe1 Bc8 21. c4 {[%cal Bc2c4,Bc4d5,Bd5d6][%mdl 32]} Nd7 22. cxd5 e5 23. Nc4 a5 24. Bf2 (24. d6 $142 Rb8 25. Bc6) 24... Ba6 $2 (24... Bb4 {was worth a try.} 25. Rec1 (25. Bxh4 Bxe1 26. Rxe1 Ba6 $14) 25... Ba6) 25. Nb6 Nxb6 26. Rxb6 {White is clearly winning.} Bb4 27. d6 Bxe1 28. Bxa8 {[#] Hoping for Bc6+.} Bxf2+ 29. Kxf2 Bc8 30. Bc6+ Kd8 31. Rb8 {Precision: White = 53%, Black = 26%.} 1-0

[Event "13th Poti Nana Aleksandria Cup"]
[Site "Poti"]
[Date "2018.07.17"]
[Round "6"]
[White "Hayrapetyan, Hovik"]
[Black "Aliyev, Ravan"]
[Result "1/2-1/2"]
[WhiteElo "2453"]
[BlackElo "2324"]
[Annotator "RC"]
[PlyCount "114"]
[EventDate "2018.07.13"]
[EventType "swiss"]
[EventCountry "GEO"]
[SourceTitle "playchess.com"]
[Source "ChessBase"]
[SourceQuality "1"]
[TimeControl "40/5400+30:1800+30"]

1. Nf3 {[%emt 0:00:00]} Nf6 {[%emt 0:00:04]} 2. g3 {[%emt 0:01:08]} g6 {[%emt 0:01:52]} 3. Bg2 {[%emt 0:00:07]} Bg7 {[%emt 0:00:04]} 4. O-O {[%emt 0:00:49]} O-O {[%emt 0:00:07]} 5. c4 {[%emt 0:01:16]} d6 {[%emt 0:00:59]} 6. d4 {[%emt 0:01:02]} Nbd7 {[%emt 0:00:12]} 7. Nc3 {[%emt 0:00:13]} e5 {[%emt 0:00:06]} 8. e4 {[%emt 0:00:28]} exd4 {[%emt 0:01:39]} 9. Nxd4 {[%emt 0:00:07]} Re8 {[%emt 0:00:06]} 10. Re1 {[%emt 0:08:34]} a6 {[%emt 0:04:43]} 11. h3 {[%emt 0:01:10]} Rb8 {[%emt 0:01:36]} 12. Be3 Ne5 13. b3 {[%emt 0:02:27]} c5 {[%emt 0:07:31]} 14. Nde2 {[%emt 0:01:39]} b5 {[%emt 0:09:28]} 15. cxb5 {[%emt 0:22:58]} axb5 {[%emt 0:00:22]} 16. Qc2 {[%emt 0:02:13]} b4 {[%emt 0:17:58]} 17. Na4 {[%emt 0:03:01]} Bb7 {[%emt 0:01:53]} 18. Rad1 {[%emt 0:02:03]} Qe7 {[%emt 0:00:40]} 19. g4 {[%emt 0:06:21]} Nxe4 {[%emt 0:11:28]} 20. Bxe4 {[%emt 0:00:47]} Nxg4 {[%emt 0:05:45]} 21. Bxb7 {[%emt 0:07:59]} Nxe3 {[%emt 0:01:06]} 22. fxe3 {[%emt 0:00:01]} Qxe3+ {[%emt 0:07:06]} 23. Kg2 {[%emt 0:01:32]} Qg5+ {[%emt 0:01:24]} 24. Ng3 {[%emt 0:00:46]} Rxe1 {[%emt 0:00:18]} 25. Rxe1 {[%emt 0:00:04]} Rxb7 {[%emt 0:01:46]} 26. Re8+ {[%emt 0:03:33]} Bf8 {[%emt 0:00:02]} 27. Qe4 {[%emt 0:01:26]} Re7 {[%emt 0:03:53]} 28. Rxe7 {[%emt 0:06:29]} Bxe7 {[%emt 0:03:44]} 29. Nb6 {[%emt 0:01:06]} Kg7 {[%emt 0:04:57]} 30. h4 {[%emt 0:16:07]} Qxh4 {[%emt 0:10:40]} 31. Nc8 {[%emt 0:04:55]} Qxe4+ {[%emt 0:01:36]} 32. Nxe4 {[%emt 0:00:04]} Bf8 {[%emt 0:00:24]} 33. Nexd6 {[%emt 0:00:18]} f5 {[%emt 0:01:38]} 34. Nc4 {[%emt 0:03:49]} Kf6 {[%emt 0:00:34]} 35. N8b6 {[%emt 0:00:22]} Ke6 {[%emt 0:00:38]} 36. a4 {[%emt 0:00:48]} bxa3 {[%emt 0:00:10]} 37. Nxa3 {[%emt 0:00:02]} g5 {[%emt 0:01:04]} 38. Nc2 {[%emt 0:00:57]} h5 {[%emt 0:00:42]} 39. Ne1 {[%emt 0:00:41]} g4 {[%emt 0:00:43]} 40. Nd3 {[%emt 0:00:00]} h4 {[%emt 0:00:00]} 41. Nf4+ {[%emt 0:02:45]} Kf7 {[%emt 0:06:30]} 42. Nd7 {[%emt 0:03:41]} Bd6 {[%emt 0:02:16]} 43. Nd3 {[%emt 0:00:23]} h3+ {[%emt 0:00:11]} 44. Kg1 {[%emt 0:00:05]} Ke6 {[%emt 0:01:07]} 45. N7xc5+ {[%emt 0:15:55]} Kd5 {[%emt 0:00:17]} 46. Nd7 {[%emt 0:00:32]} Ke4 {[%emt 0:11:21]} 47. Nf2+ {[%emt 0:01:26]} Kf3 {[%emt 0:00:01]} 48. Nxh3 {[%emt 0:00:30]} gxh3 {[%emt 0:00:04]} 49. b4 {[%emt 0:02:36]} Ke2 {[%emt 0:01:09]} 50. b5 {[%emt 0:04:09]} f4 {[%emt 0:00:52]} 51. Nf6 {[%emt 0:00:02]} f3 {[%emt 0:00:39]} 52. Ng4 {[%emt 0:00:02]} Bc7 {[%emt 0:07:19]} 53. Kh1 {[%emt 0:00:02]} Bf4 {[%emt 0:02:28]} 54. b6 {[%emt 0:01:04]} Bd6 {[%emt 0:00:19]} 55. b7 {[%emt 0:00:09]} Bb8 {[%emt 0:00:35]} 56. Nf2 {[%emt 0:00:48]} Bc7 {[%emt 0:00:57]} 57. Nxh3 {[%emt 0:00:44]} f2 {[%emt 0:00:23]} 1/2-1/2